Balance Semestral de la Situación de los Derechos Humanos en Honduras/
Uloženo v:
| Korporativní autor: | |
|---|---|
| Médium: | Kniha |
| Jazyk: | Spanish |
| Vydáno: |
Tegucigalpa, Honduras:
Centro de Documentación de Honduras
|
| Témata: | |
| Tagy: |
Přidat tag
Žádné tagy, Buďte první, kdo vytvoří štítek k tomuto záznamu!
|
MARC
| LEADER | 00000nam a22000007a 4500 | ||
|---|---|---|---|
| 003 | cru CIDCACS/IIS | ||
| 005 | 20201023121109.0 | ||
| 007 | ta | ||
| 008 | 201023n es |||p|r||||||0| ||spa|d | ||
| 999 | |c 43456 |d 43456 | ||
| 040 | |c CRAI/IIS |a CRAI/IIS | ||
| 090 | |a REV0065 | ||
| 110 | 2 | |9 9682 |a Centro de Documentación de Honduras | |
| 245 | 1 | |a Balance Semestral de la Situación de los Derechos Humanos en Honduras/ |c Centro de Documentación de Honduras | |
| 260 | |a Tegucigalpa, Honduras: |b Centro de Documentación de Honduras | ||
| 270 | |e Apdo. Postal 1882 | ||
| 500 | |a EXISTENCIAS : 1983 (ene.-dic.) 1984 (jul.-dic.) 1985 (ene.-dic.) ESTADO DEL REGISTRO:Ya no se recibe | ||
| 650 | 1 | 0 | |a DERECHOS HUMANOS |9 38 |
| 650 | 1 | 0 | |a VIOLENCIA |9 133 |
| 650 | 1 | 4 | |a PROBLEMAS POLITICOS |9 3217 |
| 651 | 4 | |9 2652 |a HONDURAS | |
| 942 | |2 ddc |c PP | ||
